BIBLIOTHÈQUE DE LA MAISON DU MEXIQUE

Logo 1 Logo 2

Martín Lutero (notice nᵒ 562)

détails MARC
000 -Sello discográfico
campo de control de longitud fija 01034nam a2200337 4500
005 - Identificación de versión
campo de control 20251016082308.0
035 ## - Otros números de control del sistema
Número de control del sistema 8398
099 ## - fechas locales
Tipo de ítem Koha LIBRO
100 ## - Datos de procesamiento general
Datos de procesamiento general 19950922d19721956m y1spay5003 ba
101 ## - Idioma del recurso
Idioma del texto, banda sonora, etc. Español; Castellano
Idioma de la obra original Francés
105 ## - Campo de datos codificados: Material textual, monográfico
Datos codificados de monografía y 001zy
200 1# - Título y mención de responsabilidad
Título propio Martín Lutero
Designación general del material texto impreso
Otra información del título un destino
Primer mención de responsabilidad Lucien Febvre
Declaración de responsabilidad subsiguiente traducción Tomás Segovia
205 ## - Declaración de edición
Declaración de edición 2a reimpr de la 1a ed
210 ## - Publicación, distribución, etc.
Lugar de publicación, distribución, etc. México
Nombre del editor, distribuidor, etc. Fondo de Cultura Económica
Fecha de publicación, distribución, etc. 1972
215 ## - Descripción física
Designación de material específico y extensión del ítem 280 p
Dimensiones 17 cm
300 ## - Notas generales
Texto de la nota Incluye nota bibliográfica
345 ## - Nota de información de adquisición
Fuente de adquisición/dirección de la suscripción [OBSOLETO] Donación
410 #1 - Series
Título Breviarios del Fondo de Cultura Económica
Número de volumen 113
454 #1 - Traducción de
Título Un destin : Martin Luther
600 ## - Nombre personal usado como materia
Elemento de entrada Luther
Parte del nombre distinta del elemento de entrada Martin
Fechas 1483-1546
Número Koha 1637
660 ## - Código de área geográfica
Código MX
700 ## - Nombre personal - Responsabilidad primaria
Elemento de entrada Febvre
Parte del nombre distinta del elemento de entrada Lucien Paul Victor
Fechas 1878-1956
Número Koha 1638
702 ## - Nombre personal - Responsabilidad secundaria
Elemento de entrada Segovia
Parte del nombre distinta del elemento de entrada Tomás
Fechas 1927-2011
Número Koha 1639
801 #0 - Fuente de origen
Agencia cm
900 ## -
-- 1/11964
900 ## -
-- 71095874\\\220995
942 ## - ELEMENTOS DE ENTRADA SECUNDARIOS (KOHA)
Tipo de ítem Koha Livre
996 ## -
-- MEX
-- 751145101
-- MMAG
-- 004593
-- 082.1 B846 V.113
-- 20210216LIV
Exemplaires
Estatus retirado Estado de daño Estado de pérdida Fecha de adquisición Biblioteca de origen Biblioteca actual Ubicación en estantería Código de barras Precio de reemplazo Signatura topográfica completa No para préstamo Tipo de ítem Koha Nota pública Nota no pública
      05/08/2025 Casa México Paris Casa México Paris   004593 05/08/2025 082.1 B846 V.113   Livre 20210216LIV 751145101